Scientific paper writing seminar San José, Costa Rica July 18, 2005
Збережено в:
| Формат: | Невідомо |
|---|---|
| Теги: |
Додати тег
Немає тегів, Будьте першим, хто поставить тег для цього запису!
|
MARC
| LEADER | 00000 a2200000 04500 | ||
|---|---|---|---|
| 001 | 44911 | ||
| 003 | |||
| 008 | 050627s2005 cr sp3 d | ||
| 040 | |||
| 090 | |a 1007 S291s | ||
| 245 | |a Scientific paper writing seminar San José, Costa Rica July 18, 2005 | ||
| 500 | |a presentaciones impresas de las exposiciones | ||
| 999 | |c 3491 |d 3491 | ||
